00811nam a2200205 4500001000700000003000900007005001700016007000300033008004100036245015700077260004700234300002200281490002900303700003200332700003100364830003700395852003200432999001900464952012200483144349ES-MaACL20230906201011.0t|070214s1966 sp r ||||1| spa d00aLo que se ha dicho de las leyes y de los abogados / crecopilación y selección por Jorge Sintes Pros ; con prólogo de Antonio Cunillera Gavaldá. aBarcelona : bSintes, c1966 (fSalvadó) a279 p. ; c17 cm.1 aLo que se ha dicho ; v61 aSintes Pros, Jorge.91066541 aCunillera, Antonio.9421800 aLo que se ha dicho ; v69220661 aES-MaACLjC-30077 bR.59681 c144349d144349 00104070aATENEOMbATENEOMcDEPO2d2008-01-17eSCl0oC-30077p1150184r2023-02-23 00:00:00w2023-02-23yMONOGRAFIA